000 00858cab a22001935a 4500
001 L147465
008 090513e2009 xxk 000 0 eng d
035 _a(Sirsi) u147465
041 0 _aeng
110 2 _aGlobalProperty
_95528
245 0 0 _aSouth Korea is keen to put security before risk
260 _c2009
490 0 _aGlobal Property
_vMarch 2009, 17(1)
520 _aReports that South Korean banks are poised to become the first in Asia to issue covered bonds, which are ranked among the safest types of debt instruments. There is no law governing covered bonds in South Korea, therefore covered bond structures are likely to operate within the framework of the Korean Asset-Backed Securitization Act.
590 _aKA
651 4 _aSouth Korea
690 _aPROPERTY-COMMERCIAL PROPERTY-COMMERCIAL PROPERTY FINANCE AND INVESTMENT
942 _n0
999 _c81545
_d81545